000 00582cam a22002173a 4500
001 20642
003 PGUSA
005 20140828083435.0
008 070221s2007||||xxu|||||s|||||000 p eng d
040 _aPGUSA
_beng
042 _adc
050 4 _aPR
245 1 4 _aThe Assemble of Goddes
_h[electronic resource] /
_cAnonymous
260 _bProject Gutenberg,
_c2007
506 _aPublic domain in the USA.
516 _aElectronic text
653 _aGods, Roman -- Poetry
830 0 _aProject Gutenberg
_v20642
856 4 0 _uhttp://www.gutenberg.org/ebooks/20642
942 _cEB
999 _c249897
_d249897